| 000 | 01288cam a2200493 4500 | ||
|---|---|---|---|
| 008 | 090401t1988 xxu||||| |||| 00| 0 eng d | ||
| 020 | _a0728201070 | ||
| 035 | _a(Sirsi) u25125 | ||
| 041 | _aeng | ||
| 050 | _a333.332 | ||
| 100 | _aRees, W.H. | ||
| 245 | _aValuation: principles into practice | ||
| 250 | _a3rd ed. | ||
| 260 |
_aLondon _bEstates Gazette _c1988 |
||
| 300 | _axi,601p. ; 22cm. | ||
| 350 | _a22 | ||
| 650 | _aAGRICULTURAL PROPERTY | ||
| 650 | _aASSET VALUATION | ||
| 650 | _aCOMPENSATION | ||
| 650 |
_aCompulsory purchase _96228 |
||
| 650 | _aELECTRICITY WAYLEAVES | ||
| 650 | _aHOPE VALUE | ||
| 650 | _aHOTELS | ||
| 650 | _aINDUSTRIAL PROPERTY | ||
| 650 |
_aInsurance _96249 |
||
| 650 | _aKENNEDY METHOD | ||
| 650 | _aLANDLORD AND TENANT ACTS | ||
| 650 | _aLEASEHOLD ENFRANCHISEMENT | ||
| 650 | _aLEISURE PROPERTY | ||
| 650 | _aMINERALS | ||
| 650 | _aOFFICES | ||
| 650 | _aOPEN MARKET VALUE | ||
| 650 | _aPANNELL FRACTION | ||
| 650 | _aPETROL FILLING STATIONS | ||
| 650 | _aPIPELINES | ||
| 650 | _aPROFITS METHOD | ||
| 650 | _aPUBLIC HOUSES | ||
| 650 | _aRATING | ||
| 650 |
_aRESIDENTIAL PROPERTY _96266 |
||
| 650 | _aRETAIL PROPERTY | ||
| 650 | _aTOWN AND COUNTRY PLANNING ACTS | ||
| 942 | _n0 | ||
| 948 | _c04/03/1997 | ||
| 999 |
_c88681 _d88681 |
||